Texas's original 23 counties - Statistics

General Stats
  • This quiz has been taken 6 times
  • The average score is 18 of 23
Answer Stats
Answer % Correct
Bexar
100%
Harrisburg
100%
Red River
100%
Washington
100%
Austin
83%
Brazoria
83%
Colorado
83%
Goliad
83%
Jackson
83%
Jasper
83%
Liberty
83%
Nacogdoches
83%
Sabine
83%
Victoria
83%
Bastrop
67%
Gonzales
67%
Jefferson
67%
Matagorda
67%
San Augustine
67%
Milam
50%
Refugio
50%
Shelby
50%
San Patricio
33%
No matching quizzes found
Score Distribution
Percent of People with Each Score
Percentile by Number Answered
Your Score History
You have not taken this quiz